| 000 | 00780nam a22002297a 4500 | ||
|---|---|---|---|
| 001 | 35411 | ||
| 003 | BD-RjUL | ||
| 005 | 20211209052321.0 | ||
| 008 | 140524s1986 bg a|||| |||| 000 0 eng d | ||
| 035 | _a(BD-RjUL)35505 | ||
| 040 |
_aBD-RjUL _beng _cBD-RjUL |
||
| 041 | _aeng | ||
| 082 | 0 | 0 |
_a616.8 _bHAL 1986 |
| 100 | 1 |
_aHamid, M. A _9107824 |
|
| 245 | 1 | 0 |
_aLathyrism in Bangladesh : _b an agro-economic survey of two Lathyrismprone areas _cMuhammad Abdul Hamid; A K Kaul |
| 260 |
_aRajshahi : _b Dept. of Economics, Rajshahi University & Ford Foundation, Dhaka, _c1986. |
||
| 300 |
_aii, 126 p. : _b ill. ; _c 25 cm. |
||
| 520 | _a Study of Rajshahi and Kushtia districts. | ||
| 650 |
_a Lathyrus -- Bangladesh. _9107825 |
||
| 700 | 1 |
_a A K Kaul _9107826 |
|
| 942 |
_2ddc _cBK |
||
| 999 |
_c35411 _d35411 |
||